The Egypt story : (Record no. 26677)
[ view plain ]
| 000 -LEADER | |
|---|---|
| fixed length control field | 01303nam a2200325 i 4500 |
| 003 - CONTROL NUMBER IDENTIFIER | |
| control field | EG-ScBUE |
| 005 - DATE AND TIME OF LATEST TRANSACTION | |
| control field | 20240627094706.0 |
| 008 - FIXED-LENGTH DATA ELEMENTS--GENERAL INFORMATION | |
| fixed length control field | 180509q1979 nyua fr 001 0 eng d |
| 040 ## - CATALOGING SOURCE | |
| Original cataloging agency | EG-ScBUE |
| Language of cataloging | eng |
| Description conventions | rda |
| Transcribing agency | EG-ScBUE |
| Modifying agency | EG-ScBUE |
| 043 ## - GEOGRAPHIC AREA CODE | |
| Geographic area code | f-ua--- |
| 082 04 - DEWEY DECIMAL CLASSIFICATION NUMBER | |
| Classification number | 962 |
| Item number | MAR |
| Edition number | 22 |
| 100 1# - MAIN ENTRY--PERSONAL NAME | |
| Personal name | Maroon, Fred J. |
| 245 14 - TITLE STATEMENT | |
| Title | The Egypt story : |
| Remainder of title | its art, its monuments, its people, its history / |
| Statement of responsibility, etc | photographs by Fred J. Maroon ; text by P. H. Newby ; consultants, art and Egyptology, Edna R. Russmann, The Metropolitan Museum of Art, New York, David B. O'Connor, and David P. Silverman, The University Museum, Philadelphia. |
| 264 #1 - PUBLICATION, DISTRIBUTION, ETC. (IMPRINT) | |
| Place of publication, distribution, etc | New York : |
| Name of publisher, distributor, etc | Chanticleer Press, |
| Date of publication, distribution, etc | [19--?] |
| 300 ## - PHYSICAL DESCRIPTION | |
| Extent | 259 pages : |
| Other physical details | color illustrations ; |
| Dimensions | 28 cm |
| 336 ## - CONTENT TYPE | |
| Source | rdacontent |
| Content type term | text |
| Content type code | txt |
| 337 ## - MEDIA TYPE | |
| Media type term | unmediated |
| Source | rdamedia |
| Media type code | n |
| 338 ## - CARRIER TYPE | |
| Carrier type term | volume |
| Carrier type code | nc |
| Source | rdacarrier |
| 500 ## - GENERAL NOTE | |
| General note | Includes index. |
| 650 #7 - SUBJECT ADDED ENTRY--TOPICAL TERM | |
| Topical term or geographic name as entry element | Art |
| Geographic subdivision | Egypt |
| General subdivision | History. |
| Source of heading or term | BUEsh |
| 651 #7 - SUBJECT ADDED ENTRY--GEOGRAPHIC NAME | |
| Geographic name | Egypt |
| General subdivision | history |
| Source of heading or term | BUEsh |
| 653 ## - INDEX TERM--UNCONTROLLED | |
| Resource For college | Generalities |
| Arrived date list | May2018 |
| 655 ## - INDEX TERM--GENRE/FORM | |
| Form subdivision | Reading book |
| 700 1# - ADDED ENTRY--PERSONAL NAME | |
| Personal name | Newby, P. H. |
| Fuller form of name | (Percy Howard), |
| Dates associated with a name | 1918- |
| 700 1# - ADDED ENTRY--PERSONAL NAME | |
| Personal name | Russmann, Edna R., |
| Relator term | contributer. |
| 700 1# - ADDED ENTRY--PERSONAL NAME | |
| Personal name | O'Connor, David B., |
| Relator term | contributer. |
| 700 1# - ADDED ENTRY--PERSONAL NAME | |
| Personal name | Silverman, David P., |
| Relator term | contributer. |
| 942 ## - ADDED ENTRY ELEMENTS (KOHA) | |
| Source of classification or shelving scheme | Dewey Decimal Classification |
| Koha item type | Book - Borrowing |
| Withdrawn status | Lost status | Source of classification or shelving scheme | Damaged status | Not for loan | Collection code | Home library | Current library | Shelving location | Date acquired | Source of acquisition | Total Checkouts | Total Renewals | Full call number | Barcode | Date last seen | Date checked out | Price effective from | Koha item type |
|---|---|---|---|---|---|---|---|---|---|---|---|---|---|---|---|---|---|---|
| Dewey Decimal Classification | Donation-Gift | Central Library | Central Library | Ground Floor | 09/05/2018 | Donation | 1 | 2 | 962 MAR | 000043401 | 15/07/2025 | 07/08/2019 | 09/05/2018 | Book - Borrowing |